• 首页
  • 本馆介绍
  • 公告通知
  • 最新文献
  • 馆藏检索
  • 电子资源
  • 读者导购
  • 参考咨询
  • 我的图书馆
  • 登录
  • 详细信息显示
  • 放入我的书架
  • 预约/预借图书
  • 作者相关作品
  • 分类相关作品
  • 丛书相关作品
  • 出版社相关作品

书目信息

  • 表格格式
  • 工作单格式
  • 卡片格式
题名:
冰岛人民史话
    
 
作者: 奥格尔逊 著 ;何清新 译
分册:  
出版信息: 上海   三联书店  1973.08
页数: 491页
开本: 20cm
丛书名:
单 册:
中图分类: K535
科图分类:
主题词: 北欧--历史
电子资源:
ISBN:
000 00805nam0 2200253 45
001 0212161504
005 20031219104102.3
010    @dCNY1.30
091    @a11002.458
100    @a20021216d1973 km y0chiy0120 ea
101 0  @achi
105    @a z 000yy
200 1  @a冰岛人民史话@ABing Dao Ren Min Shi Hua@e冰岛氏族制度和国家@EBing Dao Shi Zu Zhi Du He Guo Jia@f(冰)埃·奥格尔逊著@F(Bing)Ai·Ao Ge Er Xun Zhu@g何清新译
210    @a上海@c三联书店@d1973.08
215    @a491页@d20cm
300    @a内部读物
300    @a根据苏联书籍出版社1957年版俄译本转译
517    @a冰岛氏族制度和国家@ABing Dao Shi Zu Zhi Du He Guo Jia
606 0  @a北欧@x历史
690    @aK535@v3
701  0 @a奥格尔逊@4著
702  0 @a何清新@AHe Qing Xin@4译
801    @aCN@bTSTC@c20021216
905    @f1@b219214@dK535@e1
    
    冰岛人民史话:冰岛氏族制度和国家/(冰)埃·奥格尔逊著/何清新译.-上海:三联书店,1973.08
    491页;20cm
    内部读物.-根据苏联书籍出版社1957年版俄译本转译
    
    ISBN :CNY1.30
    
●
相关链接 在E读中查询图书 在五车中查询图书 在当当中查询图书 在豆瓣中查询图书


正题名:冰岛人民史话     索取号:K535/1         预约/预借

序号 登录号 条形码 馆藏地/架位号 状态 备注
1 0219214   001737160   第二样本阅览室/ [索取号:K535/1] 在馆    
唐山师范学院图书馆 欢迎您!
大连网信软件有限公司© 版权所有